[Event "SVK-chT2D 2425"]
[Site "Slovakia"]
[Date "2024.11.10"]
[Round "2.5"]
[White "Holubcik, Marian"]
[Black "Lazo, Juraj"]
[Result "1/2-1/2"]
[WhiteElo "1966"]
[BlackElo "1989"]
[PlyCount "67"]
[EventDate "2024.11.09"]
[EventType "team-tourn"]
[EventRounds "11"]
[EventCountry "SVK"]
[SourceTitle "CB51_2024"]
[SourceDate "2024.12.18"]
[SourceVersion "1"]
[SourceVersionDate "2024.12.18"]
[SourceQuality "1"]
[WhiteTeam "Kosice 1 CC"]
[BlackTeam "Stropkov/Svidnik II"]
[WhiteTeamCountry "SVK"]
[BlackTeamCountry "SVK"]

1. e4 Nf6 2. Nc3 d5 3. exd5 Nxd5 4. Bc4 e6 5. Nf3 Nb6 6. Bb3 c5 7. d3 Be7 8. 0-0 0-0 9. Ne4 a5 10. c3 Nd5 11. d4 cxd4 12. Nxd4 Nc6 13. Qd3 Nxd4 14. Qxd4 Nf6 15. Qe5 a4 16. Bc2 Qa5 17. Nxf6+ Bxf6 18. Qxa5 Rxa5 19. a3 Bd7 20. Rd1 Bc6 21. Be3 Rc8 22. Rd2 g6 23. Rad1 Kg7 24. f3 h5 25. Kf2 Raa8 26. Re1 Rd8 27. Rxd8 Rxd8 28. Rd1 Rxd1 29. Bxd1 b5 30. Bc5 Bg5 31. Be3 Bf6 32. Bc5 Bg5 33. Be3 Bf6 34. Bc5 1/2-1/2

[Event "SVK-chT2D 2324"]
[Site "Slovakia"]
[Date "2023.10.08"]
[Round "2.3"]
[White "Holubcik, Marian"]
[Black "Pacholsky, Martin"]
[Result "0-1"]
[WhiteElo "1941"]
[BlackElo "1981"]
[PlyCount "114"]
[EventDate "2023.10.07"]
[EventType "team-tourn"]
[EventRounds "11"]
[EventCountry "SVK"]
[SourceTitle "EXT 2025"]
[Source "ChessBase"]
[SourceDate "2024.10.14"]
[SourceVersion "1"]
[SourceVersionDate "2024.10.14"]
[SourceQuality "1"]
[WhiteTeam "Kosice 1 CC"]
[BlackTeam "Margecany"]
[WhiteTeamCountry "SVK"]
[BlackTeamCountry "SVK"]

1. e4 e6 2. c4 d5 3. exd5 exd5 4. cxd5 Qxd5 5. Nc3 Qd8 6. Bc4 Nf6 7. Nf3 Be7 8. 0-0 0-0 9. d4 c6 10. h3 Nbd7 11. Re1 Nb6 12. Bb3 Bf5 13. Bg5 h6 14. Bh4 Re8 15. Ne5 Nbd5 16. Qf3 Be6 17. Rad1 Qa5 18. Nxd5 Bxd5 19. Bxd5 Qxd5 20. Bxf6 Qxf3 21. Nxf3 Bxf6 22. Rxe8+ Rxe8 23. Kf1 Kf8 24. b3 Re4 25. Rd3 Re7 26. Re3 Rd7 27. Re4 Rd5 28. Ke2 Ra5 29. a4 b5 30. axb5 Rxb5 31. Nd2 Bg5 32. f4 f5 33. Re6 Bxf4 34. Rxc6 Bxd2 35. Kxd2 Rxb3 36. Rc8+ Kf7 37. Rc7+ Kf6 38. Rxa7 Rb2+ 39. Ke3 Rxg2 40. Ra6+ Kg5 41. Kf3 Rh2 42. Kg3 Rd2 43. h4+ Kh5 44. Kf4 Rxd4+ 45. Kxf5 Rxh4 46. Ra1 g5 47. Rf1 Rh3 48. Rf2 Kh4 49. Rf1 h5 50. Rf2 g4 51. Kf4 Rh1 52. Kf5 Kh3 53. Kg5 g3 54. Rb2 g2 55. Rb3+ Kh2 56. Rb2 Rf1 57. Kxh5 Kh1 0-1

[Event "SVK-chT1E 1819"]
[Site "Slovakia"]
[Date "2019.01.13"]
[Round "6.8"]
[White "Holubcik, Marian"]
[Black "Zigo, Pavol"]
[Result "1/2-1/2"]
[WhiteElo "1921"]
[BlackElo "1838"]
[PlyCount "46"]
[EventDate "2018.10.27"]
[EventType "team-tourn"]
[EventRounds "11"]
[EventCountry "SVK"]
[SourceTitle "CBM 188 Extra"]
[Source "ChessBase"]
[SourceDate "2019.02.28"]
[SourceVersion "1"]
[SourceVersionDate "2019.02.28"]
[SourceQuality "1"]
[WhiteTeam "Kosice 1 CC"]
[BlackTeam "Kosice Slavia TU II"]
[WhiteTeamCountry "SVK"]
[BlackTeamCountry "SVK"]

1. f4 d5 2. e3 Nf6 3. Nf3 Bg4 4. b3 g6 5. Bb2 Bg7 6. Be2 Nbd7 7. 0-0 0-0 8. d3 c5 9. Nbd2 Qc7 10. Ne5 Bxe2 11. Qxe2 e6 12. a4 h5 13. h3 Nxe5 14. Bxe5 Qe7 15. e4 Rfe8 16. Rae1 Rad8 17. Qf2 dxe4 18. dxe4 Qd7 19. Nc4 Qc6 20. Nd6 Rxd6 21. Bxd6 Nxe4 22. Rxe4 Qxe4 23. Bxc5 b6 1/2-1/2

[Event "SVK-chT1E 1819"]
[Site "Slovakia"]
[Date "2018.11.25"]
[Round "4.6"]
[White "Magat, Jozef"]
[Black "Holubcik, Marian"]
[Result "1/2-1/2"]
[WhiteElo "2129"]
[BlackElo "1921"]
[PlyCount "69"]
[EventDate "2018.10.27"]
[EventType "team-tourn"]
[EventRounds "11"]
[EventCountry "SVK"]
[SourceTitle "CBM 188 Extra"]
[Source "ChessBase"]
[SourceDate "2019.02.28"]
[SourceVersion "1"]
[SourceVersionDate "2019.02.28"]
[SourceQuality "1"]
[WhiteTeam "Dunajov Inbest II"]
[BlackTeam "Kosice 1 CC"]
[WhiteTeamCountry "SVK"]
[BlackTeamCountry "SVK"]

1. d4 f5 2. c4 e6 3. Nc3 Nf6 4. g3 Be7 5. Bg2 0-0 6. e4 fxe4 7. Nxe4 Nxe4 8. Bxe4 d5 9. Bg2 dxc4 10. Nf3 e5 11. Nxe5 Bb4+ 12. Ke2 Nc6 13. Nxc6 Qf6 14. f3 bxc6 15. Bf4 Bf5 16. Be5 Rae8 17. Bf1 Bg4 18. Kf2 Rxe5 19. dxe5 Bc5+ 20. Ke1 Bb4+ 21. Kf2 Qxf3+ 22. Qxf3 Bxf3 23. Bxc4+ Bd5+ 24. Ke3 Bxc4 25. Kd4 Bd5 26. Rhf1 Re8 27. a3 Ba5 28. Rf5 g6 29. Rf6 Bb6+ 30. Kc3 Rxe5 31. Raf1 Re8 32. a4 a5 33. R6f4 Re3+ 34. Kd2 Re8 35. Kc3 1/2-1/2

[Event "SVK-chT1E 1819"]
[Site "Slovakia"]
[Date "2018.10.28"]
[Round "2.8"]
[White "Holubcik, Marian"]
[Black "Verbovsky, Michal"]
[Result "1/2-1/2"]
[WhiteElo "1907"]
[BlackElo "1986"]
[PlyCount "100"]
[EventDate "2018.10.27"]
[EventType "team-tourn"]
[EventRounds "11"]
[EventCountry "SVK"]
[SourceTitle "CBM 187 Extra"]
[Source "ChessBase"]
[SourceDate "2018.11.04"]
[SourceVersion "1"]
[SourceVersionDate "2018.11.04"]
[SourceQuality "1"]
[WhiteTeam "Kosice 1 CC"]
[BlackTeam "Sabinov"]
[WhiteTeamCountry "SVK"]
[BlackTeamCountry "SVK"]

1. f4 Nf6 2. Nf3 d5 3. e3 c5 4. b3 Nc6 5. Bb2 g6 6. Bb5 Bg7 7. 0-0 0-0 8. Bxc6 bxc6 9. d3 Qb6 10. Qe2 c4 11. dxc4 dxc4 12. Nbd2 Ba6 13. Nxc4 Bxc4 14. Qxc4 Qxe3+ 15. Kh1 Ne4 16. Bxg7 Kxg7 17. Qd4+ Qxd4 18. Nxd4 c5 19. Nf3 e6 20. Rfe1 Nc3 21. Nd2 Rfd8 22. Nc4 Rd7 23. Re5 Rc8 24. a4 Rcd8 25. Rae1 Nd5 26. g3 Nb4 27. R5e2 Nc6 28. Kg2 Nd4 29. Rd2 Nc6 30. Rxd7 Rxd7 31. Kf2 Kf6 32. Ne5 Nxe5 33. Rxe5 Rd2+ 34. Re2 Rd5 35. Kf3 h5 36. h3 e5 37. Re4 Ke6 38. Rc4 f5 39. fxe5 Kxe5 40. h4 Ke6 41. a5 Kd6 42. Kf4 Kc6 43. Ra4 Rd2 44. Rc4 Kb5 45. Ke5 Rd8 46. Kf6 Rd6+ 47. Ke5 Rd2 48. Kf6 Rd6+ 49. Ke5 Rd1 50. Kf6 Rd6+ 1/2-1/2

[Event "SVK-chT2D 1617"]
[Site "Slovakia"]
[Date "2016.12.03"]
[Round "5.6"]
[White "Dzugas, Vladimir"]
[Black "Holubcik, Marian"]
[Result "0-1"]
[WhiteElo "2027"]
[BlackElo "1971"]
[PlyCount "30"]
[EventDate "2016.10.08"]
[EventType "team-tourn"]
[EventRounds "11"]
[EventCountry "SVK"]
[SourceTitle "EXT 2018"]
[Source "ChessBase"]
[SourceDate "2017.10.13"]
[SourceVersion "1"]
[SourceVersionDate "2017.10.13"]
[SourceQuality "1"]
[WhiteTeam "Kosice Dynamo"]
[BlackTeam "Kosice 1 CC"]
[WhiteTeamCountry "SVK"]
[BlackTeamCountry "SVK"]

1. e4 d5 2. exd5 Nf6 3. d4 Bg4 4. f3 Bf5 5. c4 e6 6. dxe6 Nc6 7. exf7+ Kxf7 8. Bd3 Bb4+ 9. Nc3 Re8+ 10. Nge2 Nxd4 11. Bxf5 Nxe2 12. Qxd8 Raxd8 13. Kf2 Bc5+ 14. Kf1 Nxc3 15. bxc3 Rd1# 0-1

[Event "EU Amateur-ch"]
[Site "Ruzomberok"]
[Date "2016.06.10"]
[Round "7"]
[White "Pniaczek, Marek"]
[Black "Holubcik, Marian"]
[Result "1-0"]
[WhiteElo "1870"]
[BlackElo "1989"]
[PlyCount "71"]
[EventDate "2016.06.06"]
[EventType "swiss"]
[EventRounds "9"]
[EventCountry "SVK"]
[SourceTitle "CBM 172 Extra"]
[Source "ChessBase"]
[SourceDate "2016.06.21"]
[SourceVersion "1"]
[SourceVersionDate "2016.06.21"]
[SourceQuality "1"]

1. e4 d5 2. exd5 Nf6 3. d4 Nxd5 4. c4 Nb6 5. c5 Nd5 6. Nc3 c6 7. Bc4 e6 8. Nf3 b6 9. cxb6 Qxb6 10. 0-0 Ba6 11. Nxd5 cxd5 12. Qa4+ Ke7 13. Bxd5 Bxf1 14. Bxa8 Bb5 15. Qc2 Bc6 16. Bxc6 Nxc6 17. Be3 Nb4 18. Qc5+ Qxc5 19. dxc5 f6 20. Rc1 Nc6 21. Nd4 Kd7 22. b4 Nxd4 23. Bxd4 e5 24. Be3 Kc6 25. a4 a6 26. Rb1 Be7 27. b5+ axb5 28. axb5+ Kc7 29. Ra1 Rb8 30. Ra7+ Kd8 31. b6 Rc8 32. b7 Rb8 33. c6 Kc7 34. Ra8 Rd8 35. Rxd8 Bxd8 36. Ba7 1-0

[Event "EU Amateur-ch"]
[Site "Ruzomberok"]
[Date "2016.06.07"]
[Round "2"]
[White "Holubcik, Marian"]
[Black "Pelech, Roee"]
[Result "1-0"]
[WhiteElo "1989"]
[BlackElo "1401"]
[PlyCount "97"]
[EventDate "2016.06.06"]
[EventType "swiss"]
[EventRounds "9"]
[EventCountry "SVK"]
[SourceTitle "CBM 172 Extra"]
[Source "ChessBase"]
[SourceDate "2016.06.21"]
[SourceVersion "1"]
[SourceVersionDate "2016.06.21"]
[SourceQuality "1"]

1. e4 c5 2. Nc3 Nc6 3. g3 e6 4. Bg2 Nf6 5. Nge2 Be7 6. 0-0 0-0 7. d3 a6 8. f4 d5 9. h3 d4 10. Nb1 Qb6 11. Nd2 Qa7 12. a4 Na5 13. b3 b5 14. axb5 axb5 15. g4 Bb7 16. Ng3 Qb6 17. Ba3 Nc6 18. g5 Nd7 19. Qe2 e5 20. Qg4 exf4 21. Qxf4 Nce5 22. Nf5 Qd8 23. Nxe7+ Qxe7 24. h4 Ng6 25. Qg3 Rac8 26. Bh3 Rc6 27. Nf3 Nde5 28. Nxd4 Rb6 29. Nf5 Qc7 30. Bb2 Re8 31. Ne3 Qe7 32. Rf2 Qd6 33. Raf1 Nc4 34. Qxd6 Nxd6 35. h5 Ne5 36. Nf5 Nxf5 37. Rxf5 Bc8 38. Bxe5 Bxf5 39. Rxf5 Rc6 40. Bb2 Rd8 41. Rd5 Rxd5 42. exd5 Rd6 43. Bg2 f6 44. Bc1 fxg5 45. Bxg5 Kf7 46. Be3 Kf6 47. Bxc5 Rd7 48. d6 Ke5 49. Bc6 1-0

[Event "SVK-chT2A 1112"]
[Site "Slovakia"]
[Date "2012.02.25"]
[Round "10.7"]
[White "Krajnak, Robert"]
[Black "Holubcik, Marian"]
[Result "1/2-1/2"]
[WhiteElo "2094"]
[BlackElo "2003"]
[PlyCount "81"]
[EventDate "2011.10.08"]
[EventType "team-tourn"]
[EventRounds "11"]
[EventCountry "SVK"]
[SourceTitle "EXT 2013"]
[Source "ChessBase"]
[SourceDate "2012.11.22"]
[SourceVersion "1"]
[SourceVersionDate "2012.11.22"]
[SourceQuality "1"]
[WhiteTeam "Bratislava Doprastav III"]
[BlackTeam "Krasnany"]
[WhiteTeamCountry "SVK"]
[BlackTeamCountry "SVK"]

1. c4 e6 2. Nf3 d5 3. g3 Nf6 4. Bg2 c6 5. Qc2 Bd6 6. 0-0 0-0 7. d3 Nbd7 8. b3 Qe7 9. a4 a5 10. Nc3 Re8 11. Bg5 h6 12. Bd2 Nf8 13. e4 dxe4 14. dxe4 e5 15. Nh4 Qc7 16. Nf5 Bc5 17. Be3 Ne6 18. Rad1 Qb6 19. Ne2 Bxe3 20. fxe3 Ng4 21. Qc3 Ng5 22. c5 Qb4 23. Nd6 Qxc3 24. Nxc3 Re7 25. Rd3 Be6 26. Ne2 Nf6 27. h4 Ngh7 28. Rfd1 Rd7 29. Nc1 Nf8 30. Kf2 Ne8 31. Bf1 Nxd6 32. Rxd6 Rad8 33. Bc4 Rxd6 34. cxd6 f6 35. Ke2 Kf7 36. Nd3 Nd7 37. Nb2 Nb6 38. Rd3 Nd7 39. Bxe6+ Kxe6 40. Rc3 c5 41. Nc4 1/2-1/2

[Event "SVK-chT2A 10/11"]
[Site "Slovakia"]
[Date "2011.03.27"]
[Round "11.8"]
[White "Krist, Milan"]
[Black "Holubcik, Marian"]
[Result "0-1"]
[WhiteElo "2004"]
[BlackElo "1968"]
[PlyCount "124"]
[EventDate "2010.10.23"]
[EventType "team-tourn"]
[EventRounds "11"]
[EventCountry "SVK"]
[SourceTitle "EXT 2019"]
[Source "ChessBase"]
[SourceDate "2018.10.10"]
[SourceVersion "1"]
[SourceVersionDate "2018.10.10"]
[SourceQuality "1"]
[WhiteTeam "Trnava Lokomotiva II"]
[BlackTeam "Krasnany"]
[WhiteTeamCountry "SVK"]
[BlackTeamCountry "SVK"]

1. d4 f5 2. c4 e6 3. Nc3 Nf6 4. Nf3 d5 5. e3 c6 6. Be2 Bd6 7. 0-0 0-0 8. Ne5 Nbd7 9. Nxd7 Bxd7 10. c5 Bc7 11. b4 e5 12. g3 Ne4 13. Bb2 exd4 14. Qxd4 Qe7 15. Nxe4 fxe4 16. f4 exf3 17. Bxf3 Rae8 18. Rae1 Qg5 19. Qd2 Bh3 20. Bg2 Rxf1+ 21. Kxf1 Bxg2+ 22. Kxg2 Be5 23. Bc1 Qf5 24. Rf1 Qe4+ 25. Kg1 d4 26. Qg2 Qxg2+ 27. Kxg2 dxe3 28. Kf3 e2 29. Re1 Bc3 30. Rxe2 Rxe2 31. Kxe2 Bxb4 32. Be3 Ba5 33. Kd3 Kf7 34. a4 Ke6 35. Ke4 b6 36. g4 bxc5 37. Bxc5 Bb6 38. Bb4 a6 39. h3 g6 40. Bc3 Kd6 41. Be5+ Ke6 42. Bg3 Bd8 43. Be5 Be7 44. Bg3 Bf6 45. Bf4 h5 46. Bc7 hxg4 47. hxg4 c5 48. Bf4 c4 49. Bc1 Kd6 50. Ba3+ Kc6 51. Bb4 Kb6 52. Ke3 Bb2 53. Ke4 Kc6 54. Ba5 Kc5 55. Ke3 Kd5 56. Bc7 Bd4+ 57. Ke2 Ke4 58. a5 Bc3 59. g5 Be5 60. Bd8 Bc3 61. Bc7 Bb4 62. Bd8 c3 0-1

[Event "Prague op-B 10th"]
[Site "Prague"]
[Date "2011.01.10"]
[Round "4"]
[White "Pastuszko, Kinga"]
[Black "Holubcik, Marian"]
[Result "1/2-1/2"]
[WhiteElo "1795"]
[BlackElo "1968"]
[PlyCount "77"]
[EventDate "2011.01.07"]
[EventType "swiss"]
[EventRounds "9"]
[EventCountry "CZE"]
[SourceTitle "CBM 140 Extra"]
[Source "ChessBase"]
[SourceDate "2011.03.01"]
[SourceVersion "1"]
[SourceVersionDate "2011.03.01"]
[SourceQuality "1"]

1. e4 d5 2. exd5 Qxd5 3. Nc3 Qa5 4. d4 Nf6 5. Bc4 c6 6. Bd2 Bf5 7. Nd5 Qd8 8. Nxf6+ gxf6 9. Nf3 e6 10. c3 Qc7 11. Nh4 Bg6 12. Qf3 Nd7 13. Qh3 Bg7 14. 0-0 0-0 15. Nxg6 hxg6 16. Bh6 c5 17. Rad1 Rfd8 18. Rfe1 Nb6 19. Bb3 cxd4 20. cxd4 Nd5 21. g3 Qd6 22. Rc1 Rac8 23. Rxc8 Rxc8 24. Rc1 Rxc1+ 25. Bxc1 f5 26. Be3 f4 27. gxf4 Nxf4 28. Qf3 Nd5 29. Bxd5 Qxd5 30. Qxd5 exd5 31. Kf1 f5 32. f4 Bf6 33. Ke2 Kf7 34. Kd3 Be7 35. Bd2 Bd6 36. Ke3 g5 37. Kf3 g4+ 38. Ke3 Kg6 39. Be1 1/2-1/2

[Event "SVK-chT2C 0809"]
[Site "Slovakia"]
[Date "2009.02.28"]
[Round "10.2"]
[White "Holubcik, Marian"]
[Black "Stanko, Ivan"]
[Result "1-0"]
[WhiteElo "2006"]
[BlackElo "2032"]
[PlyCount "57"]
[EventDate "2008.10.11"]
[EventType "team-tourn"]
[EventRounds "11"]
[EventCountry "SVK"]
[SourceTitle "EXT 2010"]
[Source "ChessBase"]
[SourceDate "2010.11.25"]
[SourceVersion "1"]
[SourceVersionDate "2010.11.25"]
[SourceQuality "1"]
[WhiteTeam "Zilina Mladost II"]
[BlackTeam "Liptov SK III"]
[WhiteTeamCountry "SVK"]
[BlackTeamCountry "SVK"]

1. f4 f5 2. Nf3 Nf6 3. g3 g6 4. b3 Bg7 5. Bb2 0-0 6. Bg2 d6 7. 0-0 c5 8. c4 Nc6 9. d3 e5 10. e3 Qe7 11. Re1 e4 12. Ng5 h6 13. Nh3 Nb4 14. Nf2 Rd8 15. a3 Nxd3 16. Nxd3 exd3 17. Qxd3 Rb8 18. Nc3 a6 19. a4 Kh7 20. e4 Qf8 21. Qc2 fxe4 22. Nxe4 Bf5 23. Nxf6+ Bxf6 24. Be4 Bxb2 25. Qxb2 b5 26. axb5 axb5 27. Ra7+ Rd7 28. Qa1 bxc4 29. Bxf5 1-0

[Event "SVK-chT2C 0809"]
[Site "Slovakia"]
[Date "2009.01.31"]
[Round "8.5"]
[White "Milcova, Zuzana"]
[Black "Holubcik, Marian"]
[Result "0-1"]
[WhiteElo "1841"]
[BlackElo "2006"]
[PlyCount "94"]
[EventDate "2008.10.11"]
[EventType "team-tourn"]
[EventRounds "11"]
[EventCountry "SVK"]
[SourceTitle "EXT 2010"]
[Source "ChessBase"]
[SourceDate "2010.11.25"]
[SourceVersion "1"]
[SourceVersionDate "2010.11.25"]
[SourceQuality "1"]
[WhiteTeam "Martin Medea"]
[BlackTeam "Zilina Mladost II"]
[WhiteTeamCountry "SVK"]
[BlackTeamCountry "SVK"]

1. e4 d5 2. exd5 Qxd5 3. Nc3 Qa5 4. d4 Nf6 5. Bd2 c6 6. Nf3 Bg4 7. Be2 Nbd7 8. b4 Qc7 9. h3 Bxf3 10. Bxf3 e5 11. 0-0 Bxb4 12. Nb5 cxb5 13. Bxb4 0-0-0 14. c4 bxc4 15. Qa4 Kb8 16. Ba5 Nb6 17. Bxb6 axb6 18. dxe5 Nd7 19. Rfc1 Nxe5 20. Be2 Rd2 21. Bxc4 Qc5 22. Be2 Qd4 23. Qxd4 Rxd4 24. Rab1 Rc8 25. Rxc8+ Kxc8 26. Rb2 Kc7 27. Rb5 f6 28. Rb2 Nc6 29. Bg4 Ne5 30. Be6 Nd7 31. Re2 Nc5 32. Bg8 h6 33. Re7+ Rd7 34. Re2 b5 35. Rb2 Kc6 36. Rc2 b4 37. Bb3 Kb5 38. Bc4+ Ka4 39. Be2 b6 40. Bf3 Ka3 41. Bg4 Re7 42. Bf3 Na4 43. Bd5 Nc3 44. Bg8 Re2 45. Rc1 Kb2 46. Rf1 Rc2 47. Bb3 Rc1 0-1

[Event "Prague op-B 08th"]
[Site "Prague"]
[Date "2009.01.13"]
[Round "5"]
[White "Holubcik, Marian"]
[Black "Ossipov, Victor"]
[Result "0-1"]
[WhiteElo "2006"]
[BlackElo "2165"]
[PlyCount "82"]
[EventDate "2009.01.09"]
[EventType "swiss"]
[EventRounds "9"]
[EventCountry "CZE"]
[SourceTitle "EXT 2010"]
[Source "ChessBase"]
[SourceDate "2010.11.25"]
[SourceVersion "1"]
[SourceVersionDate "2010.11.25"]
[SourceQuality "1"]

1. f4 e6 2. Nf3 d5 3. e3 c5 4. b3 Be7 5. Bb2 Bf6 6. Bxf6 Nxf6 7. Ne5 0-0 8. Bd3 Nbd7 9. Nxd7 Bxd7 10. 0-0 b5 11. Nc3 c4 12. bxc4 bxc4 13. Be2 Rb8 14. Rb1 Qa5 15. Bf3 Rb6 16. Rxb6 axb6 17. Qb1 b5 18. Qb2 b4 19. Ne2 Ra8 20. Ra1 Qa3 21. Qxa3 Rxa3 22. Nd4 Kf8 23. Rb1 Ra4 24. Kf2 Ke7 25. Rb2 Kd6 26. Ke1 Kc5 27. c3 h6 28. Nc2 bxc3 29. dxc3 Bc6 30. Kd2 Ne8 31. Nd4 Ra8 32. Nxc6 Kxc6 33. e4 Ra3 34. Rc2 Nd6 35. exd5+ exd5 36. g3 f5 37. Bg2 Kc5 38. Bf3 d4 39. cxd4+ Kxd4 40. Bg2 c3+ 41. Ke2 Nc4 0-1

[Event "Prague op-B 08th"]
[Site "Prague"]
[Date "2009.01.12"]
[Round "4"]
[White "Pospisil, Martin"]
[Black "Holubcik, Marian"]
[Result "0-1"]
[WhiteElo "1817"]
[BlackElo "2006"]
[PlyCount "42"]
[EventDate "2009.01.09"]
[EventType "swiss"]
[EventRounds "9"]
[EventCountry "CZE"]
[SourceTitle "EXT 2010"]
[Source "ChessBase"]
[SourceDate "2010.11.25"]
[SourceVersion "1"]
[SourceVersionDate "2010.11.25"]
[SourceQuality "1"]

1. d4 d5 2. Bf4 Nf6 3. e3 e6 4. Nf3 Nbd7 5. Nbd2 c5 6. c3 Be7 7. Bd3 0-0 8. Ne5 Qb6 9. Qb1 h6 10. g4 cxd4 11. exd4 Nxe5 12. Bxe5 Nxg4 13. Bxg7 Kxg7 14. Rg1 e5 15. Bf5 exd4 16. Rxg4+ Kh8 17. cxd4 Bb4 18. Bxc8 Raxc8 19. Qd3 Qe6+ 20. Qe2 Bxd2+ 21. Kxd2 Rc2+ 0-1

[Event "SVK-chT2C 0708"]
[Site "Slovakia"]
[Date "2008.02.02"]
[Round "8.2"]
[White "Longauer, Igor"]
[Black "Holubcik, Marian"]
[Result "0-1"]
[WhiteElo "1895"]
[BlackElo "2070"]
[PlyCount "128"]
[EventDate "2007.10.06"]
[EventType "team-tourn"]
[EventRounds "11"]
[EventCountry "SVK"]
[SourceTitle "EXT 2010"]
[Source "ChessBase"]
[SourceDate "2010.11.25"]
[SourceVersion "1"]
[SourceVersionDate "2010.11.25"]
[SourceQuality "1"]
[WhiteTeam "Zvolen Slavia"]
[BlackTeam "Zilina Mladost II"]
[WhiteTeamCountry "SVK"]
[BlackTeamCountry "SVK"]

1. e4 d5 2. exd5 Nf6 3. Bb5+ Bd7 4. Bc4 Bg4 5. f3 Bc8 6. Bb5+ Nbd7 7. c4 g6 8. Nc3 Bg7 9. d4 0-0 10. Nge2 Nb6 11. Na4 a6 12. Nxb6 cxb6 13. Ba4 b5 14. cxb5 axb5 15. Bb3 Nxd5 16. 0-0 Be6 17. Nc3 Nxc3 18. bxc3 Bc4 19. Re1 e6 20. Be3 Qd5 21. Bxc4 Qxc4 22. Qb3 Rfc8 23. Qxc4 Rxc4 24. Rec1 Ra3 25. Kf2 Raxc3 26. Rxc3 Rxc3 27. f4 Rc4 28. Rb1 b4 29. a3 bxa3 30. Rxb7 Bxd4 31. Rb8+ Kg7 32. Bxd4+ Rxd4 33. Ra8 Rxf4+ 34. Kg3 g5 35. Rxa3 h5 36. h3 Kg6 37. Ra8 Kf5 38. Kh2 e5 39. g3 Rf2+ 40. Kg1 Rc2 41. Rh8 Kg6 42. Re8 f6 43. Rg8+ Kf5 44. Rh8 e4 45. Rxh5 e3 46. Kf1 Ke4 47. Rh6 Rf2+ 48. Ke1 Kd3 49. Rh8 Rh2 50. Rd8+ Ke4 51. Kf1 e2+ 52. Ke1 f5 53. h4 gxh4 54. gxh4 Ke3 55. Re8+ Kf3 56. Kd2 Rxh4 57. Re3+ Kf4 58. Rxe2 Kg4 59. Re8 f4 60. Ke1 Kf3 61. Rf8 Rh1+ 62. Kd2 Ra1 63. Kd3 Kg3 64. Rb8 f3 0-1

[Event "SVK-chT2C 0708"]
[Site "Slovakia"]
[Date "2007.10.07"]
[Round "2.5"]
[White "Holubcik, Marian"]
[Black "Balint, Vladimir"]
[Result "1/2-1/2"]
[WhiteElo "2070"]
[BlackElo "1978"]
[PlyCount "116"]
[EventDate "2007.10.06"]
[EventType "team-tourn"]
[EventRounds "11"]
[EventCountry "SVK"]
[SourceTitle "EXT 2010"]
[Source "ChessBase"]
[SourceDate "2010.11.25"]
[SourceVersion "1"]
[SourceVersionDate "2010.11.25"]
[SourceQuality "1"]
[WhiteTeam "Zilina Mladost II"]
[BlackTeam "Martin Medea"]
[WhiteTeamCountry "SVK"]
[BlackTeamCountry "SVK"]

1. e4 d6 2. d4 Nf6 3. Nc3 g6 4. Be3 c6 5. Qd2 b5 6. Bd3 Bg7 7. Bh6 0-0 8. f3 e5 9. Bxg7 Kxg7 10. Nce2 Qb6 11. c3 c5 12. h4 cxd4 13. h5 Nc6 14. g4 Rh8 15. c4 bxc4 16. Bxc4 Be6 17. h6+ Kf8 18. Bxe6 fxe6 19. Nh3 Ke7 20. Nc1 d3 21. Nxd3 Nd4 22. Ng5 Rac8 23. Rc1 Rxc1+ 24. Qxc1 Kd7 25. Rh2 Rc8 26. Qd1 Qa5+ 27. b4 Qa3 28. Rd2 Ke7 29. Kf2 Nd7 30. Nxh7 Rh8 31. Ng5 Rxh6 32. Kg2 Nb6 33. Qc1 Qxc1 34. Nxc1 Nc4 35. Rd3 Nc2 36. Rc3 N2e3+ 37. Kg3 Kf6 38. Nh3 g5 39. Nb3 d5 40. Rc1 d4 41. Nf2 Rh8 42. Nc5 Nd2 43. Nfd3 Ndf1+ 44. Kf2 Rh2+ 45. Ke1 Ng3 46. Nf2 Ng2+ 47. Kd1 Nh4 48. Ncd3 Nxf3 49. Rc7 Nh1 50. Ke2 Nxf2 51. Nxf2 Ng1+ 52. Ke1 d3 53. Nxd3 Nf3+ 54. Kf1 Rxa2 55. Nf2 a6 56. Ra7 Ra4 57. Rb7 a5 58. bxa5 Rxa5 1/2-1/2

[Event "Prague op-B 06th"]
[Site "Prague"]
[Date "2007.01.17"]
[Round "8"]
[White "Holubcik, Marian"]
[Black "Misovic, Jan"]
[Result "0-1"]
[WhiteElo "2041"]
[BlackElo "2003"]
[PlyCount "58"]
[EventDate "2007.01.11"]
[EventType "swiss"]
[EventRounds "9"]
[EventCountry "CZE"]
[SourceTitle "CBM 116 Extra"]
[Source "ChessBase"]
[SourceDate "2007.03.07"]
[SourceVersion "1"]
[SourceVersionDate "2007.03.07"]
[SourceQuality "1"]

1. e4 c5 2. Nf3 d6 3. Bb5+ Bd7 4. Bxd7+ Nxd7 5. 0-0 Ngf6 6. Re1 g6 7. c3 Bg7 8. d4 cxd4 9. cxd4 Nb6 10. Nc3 0-0 11. Qe2 Rc8 12. h3 Qe8 13. Bf4 Qc6 14. Rac1 Qc4 15. Qd2 Qb4 16. a3 Qb3 17. Qc2 Qxc2 18. Rxc2 d5 19. Rce2 dxe4 20. Nxe4 Nxe4 21. Rxe4 Nd5 22. Bg5 e6 23. R4e2 Rc4 24. Be3 Rfc8 25. Kf1 Kf8 26. Rd2 Bf6 27. Ke2 b5 28. Rdd1 b4 29. Rc1 Nxe3 0-1

[Event "Prague op-B 06th"]
[Site "Prague"]
[Date "2007.01.16"]
[Round "7"]
[White "Lacina, Filip"]
[Black "Holubcik, Marian"]
[Result "1-0"]
[WhiteElo "1984"]
[BlackElo "2041"]
[PlyCount "75"]
[EventDate "2007.01.11"]
[EventType "swiss"]
[EventRounds "9"]
[EventCountry "CZE"]
[SourceTitle "CBM 116 Extra"]
[Source "ChessBase"]
[SourceDate "2007.03.07"]
[SourceVersion "1"]
[SourceVersionDate "2007.03.07"]
[SourceQuality "1"]

1. e4 d5 2. exd5 Qxd5 3. Nc3 Qa5 4. d4 Nf6 5. Nf3 Bf5 6. Bd2 c6 7. Ne4 Qc7 8. Nxf6+ gxf6 9. g3 Nd7 10. Bg2 0-0-0 11. c4 e5 12. Nh4 Bg6 13. d5 cxd5 14. Nxg6 hxg6 15. cxd5 Kb8 16. 0-0 Bc5 17. Rc1 Qd6 18. Qb3 Rc8 19. a4 Qb6 20. Qd3 Bd4 21. b4 Rxc1 22. Bxc1 Qxb4 23. Ba3 Nc5 24. Qf3 Qb3 25. Bxc5 Qxf3 26. Bd6+ Kc8 27. Bxf3 Kd7 28. Ba3 f5 29. Rd1 g5 30. g4 Rh4 31. Kg2 e4 32. Be2 Be5 33. gxf5 Rxh2+ 34. Kg1 b6 35. Bb5+ Kd8 36. d6 Rh3 37. Rd5 Bf4 38. Bb2 1-0